Aunque me cueste la vida : (Registro nro. 13418)

Detalles MARC
000 -LIDER
fixed length control field 00711nam a22002297a 4500
003 - IDENTIFICACDOR DE NÚMERO DE CONTROL
control field DO-SdBNP
005 - DATE AND TIME OF LATEST TRANSACTION
control field 20210903092153.0
008 - ELEMENTOS DE LONGITUD FIJA
fixed length control field 210413b2017 dr || 00| 0 spa d
020 ## - ISBN
International Standard Book Number 9789945609127
040 ## - FUENTE DE CATALOGACIÓN
Agencia que crea de manera original el registro BPMSU
Idioma de catalogación spa
Agencia que realiza la transcripción BPMSU
082 ## - NÚMERO DE CLASIFICACIÓN DECIMAL DE DEWEY
Classification number RD863.5
Item number M491a 2017
Edition number 22
100 1# - ASIENTO PRINCIPAL -- NOMBRE PERSONAL
Nombre personal Medina, Orquendo
Fechas asociadas con el nombre 1955 -
245 10 - MENCIÓN DE TITULO
Título Aunque me cueste la vida :
Subtítulo novela /
Mención de responsabilidad Orquendo Medina
260 ## - PUBLICACIÓN, DISTRIBUCIÓN, ETC. (PIE DE IMPRENTA)
Lugar de publicación, distribución, etc Santo Domingo :
Nombre del editor, distribuidor, etc. Santuario,
Fecha de publicación, distribución, etc 2017.
300 ## - DESCRIPCIÓN FÍSICA
Extensión 183 p. ;
Dimensiones 23 cm.
500 ## - NOTA GENERAL
Nota general Incluyes datos biográficos del autor en la sola de la contracubierta.
590 ## - NOTA LOCAL
Enlace Inventariado, 2021/ VM
650 #4 - ENCABEZAMIENTO DE MATERIA--TEMÁTICO
Término temático o nombre geográfico como elemento de entrada Novela dominicana
650 #4 - ENCABEZAMIENTO DE MATERIA--TEMÁTICO
Término temático o nombre geográfico como elemento de entrada Literatura dominicana
910 ## - VALIDACIÓN
Validación Mcabrera /VMateo V
942 ## - ADDED ENTRY ELEMENTS (KOHA)
Source of classification or shelving scheme Dewey Decimal Classification
Koha item type Libros
Existencias
Withdrawn status Lost status Source of classification or shelving scheme Damaged status Not for loan Collection code Home library Current library Date acquired Source of acquisition Total Checkouts Full call number Barcode Date last seen Price effective from Koha item type Copy number
    Dewey Decimal Classification     Colección Dominicana Biblioteca Pública Metropolitana Salomé Ureña Biblioteca Pública Metropolitana Salomé Ureña 04/13/2021 Editora Búho   BPMSU CD RD863.5 M491a 2017 BPMSU21040011 04/13/2021 04/13/2021 Libros  
    Dewey Decimal Classification     Colección Dominicana Biblioteca Pública Metropolitana Salomé Ureña Biblioteca Pública Metropolitana Salomé Ureña 04/13/2021 Editora Búho   BPMSU CD RD863.5 M491a 2017 BPMSU21090035 09/03/2021 04/13/2021 Libros e.2
    Dewey Decimal Classification     Colección Dominicana Biblioteca Pública Metropolitana Salomé Ureña Biblioteca Pública Metropolitana Salomé Ureña 04/13/2021 Editora Búho   BPMSU CD RD863.5 M491a 2017 BPMSU21090036 09/03/2021 04/13/2021 Libros e.3